1760 1696 1751 1024 1734 1343 1791 1080 1182 1720 1908 1860 1993 1964 1353 1079 1579 1880 1384 1811 1623 1303 1425 1948 1815 1832 1610 1049 1817 1029 1517 1282 1885 1425 1067 1387 1390 1103 1074 1423 1719 1612 1946 1932 1674 1932 1069 1286 1377 1222 1948 1134 1300 1152 1289 1264 1831 1337 1537 1538 1229 1402 1684 1252 1400 1504 1083 1685 1876 1758 1413 1173 1898 1018 1779 1646 1026 1307 1736 1771 1033 1484 1914 1501 1005 1955 1280 1661 1638 1613 1236 1425 1307 1974 1291 1179 1020 1442 1831 BCNSPRNW ULIB Ver.6.0+V

เปลี่ยนเป็นภาษาไทย

Change to English
 แสดงรายละเอียดบรรณานุกรม
  กลับหน้าหลัก

Brief Record : Get Marc (ISO 2709) : E-mail record : QR code < ปิดหน้าต่าง
LEADER : 00000nam 2200000uu 4500
001    13399126818
003     ULIB
008    020711s2016 th a 000 0 eng d
020    ^a9781107466715
050    ^aPE1131^bA243C
100    ^aAdrian Doff; Craig Thaine; Herbert Puchta; Jeff Stranks; Peter Lewis-Jones
245    ^aCambridge English empower. B1/^cAdrian Doff; Craig Thaine; Herbert Puchta; Jeff Stranks; Peter Lewis-Jones
250    ^a1st ed
260    ^aCambridge :^bCambridge University Press,^c2016
300    ^a288 pages;^c30 cm
650    ^aEnglish language^xTextbooks for foreign speakers.
650    ^aEnglish language
945    ^p1349^l0^i005475
945    ^p1349^l0^i005476
999    ^aประนอม เกษจรัล
รายการนี้ยังไม่มีแท็ก
คุณยังไม่ได้ล็อกอิน คุณสามารถมีกิจกรรมร่วมกับเว็บไซต์ได้ แต่ต้องล็อกอินก่อน ::
  ล็อกอิน

รายการสื่อสารสนเทศ

ลำดับที่ ประเภท เลขเรียก/บาร์โค้ด สถานที่ สถานะ
1. การศึกษาทั่วไป
หนังสือสำรอง
สถานะ=หนังสือสำรอง
PE1131 A243C ฉ.1 
  Barcode: 005475
ห้องสมุดวิทยาเขตสวรรค์ประชารักษ์
►หนังสือทั่วไป
บนชั้น
2. การศึกษาทั่วไป
การศึกษาทั่วไป
PE1131 A243C ฉ.2 
  Barcode: 005476
ห้องสมุดวิทยาเขตสวรรค์ประชารักษ์
►หนังสือทั่วไป
บนชั้น

รายการใกล้เคียง
    หัวเรื่อง [English language]

BibComment


ยังไม่เคยถูกคอมเมนท์

คอมเมนท์ทรัพยากรรายการนี้
  คอมเมนท์: Cambridge Englis..


 Copyright 2026. Bcnsprnw @Library